| 000 | 00623nam a22001933a 4500 | ||
|---|---|---|---|
| 005 | 20250829063931.0 | ||
| 008 | 010629s1987 mx r 000 0 spa d | ||
| 035 | _aUPN01000109047 | ||
| 049 | _aCG | ||
| 050 | 4 |
_aLC149 _bR4.2 1987 |
|
| 100 | 1 |
_aRegil Vargas, Laura _929597 |
|
| 245 | 1 | 0 |
_aContexto del analfabetismo y el proceso de alfabetización / _cLaura Regil Vargas, Fernando García Ramírez. |
| 260 |
_aMéxico : _bL. Regil Vargas, _c1987. |
||
| 300 | _a102 h. | ||
| 650 | 4 |
_aAlfabetización (Educación) _91831 |
|
| 650 | 4 |
_aAnalfabetismo _94901 |
|
| 700 | 1 |
_aGarcía Ramírez, Fernando, _ecoaut. |
|
| 905 | _aLibro | ||
| 999 |
_c82958 _d82958 |
||